| 000 | 00306as aa2200097a 44500 | ||
|---|---|---|---|
| 090 |
_aSERIADAS _b00921 |
||
| 245 | 1 | 0 | _aPautas para la sostenibilidad de plantaciones forestales en Colombia |
| 260 |
_bCorporación Nacional de Investigación y Fomento Forestal _aColombia |
||
| 041 | 0 | _aEspañol | |
| 942 | _cREVISTA | ||
| 999 |
_c17042 _d17042 |
||